000 00273nam a2200109Ia 4500
005 20251222114351.0
008 251222s1900||||xx |||||||||||||| ||spa||
082 _aDVD0098/M22/1992
245 0 _aEl Ășltimo de los mohicanos
264 _bMorgan Creek Productions
942 _cDVD
999 _c1235
_d1235